000 00714nam a2200229Ia 4500
001 9577
003 GE_BSU
008 181216s||||||||xx |||||||||||||| ||und||
020 _a9785991618687
040 _cGE_BSU
080 _a54
100 _aБабкина,С.С. Росин,И.В....
245 _aОбщая и неорганическая химия
245 _bЛабораторный практикум.Учебное пособие для бокалавров и специалистов
260 _aМосква
260 _bЮрайт
260 _c2012
300 _a481стр.20см.
541 _h100л.
653 _aОбщая и неорганическая химия
942 _cBK
999 _c42869
_d42869